Delegation of Powers Act, 1956 (Act 358) (Record no. 4726)

000 -LEADER
fixed length control field nam a22 a 4500
003 - CONTROL NUMBER IDENTIFIER
control field AKMAL
005 - DATE AND TIME OF LATEST TRANSACTION
control field 20170801102413.0
008 - FIXED-LENGTH DATA ELEMENTS--GENERAL INFORMATION
fixed length control field 1 s20 my e 000 0 eng d
020 ## - INTERNATIONAL STANDARD BOOK NUMBER
Terms of availability RM29.00
082 04 - DEWEY DECIMAL CLASSIFICATION NUMBER
Classification number 342.595044 MAL
090 00 - LOCALLY ASSIGNED LC-TYPE CALL NUMBER (OCLC); LOCAL CALL NUMBER (RLIN)
Classification number (OCLC) (R) ; Classification number, CALL (RLIN) (NR) 342.595044
Local cutter number (OCLC) ; Book number/undivided call number, CALL (RLIN) MAL
110 1# - MAIN ENTRY--CORPORATE NAME
Corporate name or jurisdiction name as entry element Malaysia
9 (RLIN) 400
240 11 - UNIFORM TITLE
Uniform title Akta Perwakilan Kuasa, 1956 (Akta 358).
Language of a work English
245 10 - TITLE STATEMENT
Title Delegation of Powers Act, 1956 (Act 358)
Remainder of title (all amendment up to 1988) /
Statement of responsibility, etc. compiled by : Legal Research Board
260 ## - PUBLICATION, DISTRIBUTION, ETC.
Place of publication, distribution, etc. Kuala Lumpur :
Name of publisher, distributor, etc. MDC Publishers Sdn. Bhd,
Date of publication, distribution, etc. 2017
300 ## - PHYSICAL DESCRIPTION
Extent 10p. ;
Dimensions 24cm.
650 #0 - SUBJECT ADDED ENTRY--TOPICAL TERM
Topical term or geographic name entry element Delegation of powers
General subdivision Law and legislation
Geographic subdivision Malaysia
9 (RLIN) 8667
710 1# - ADDED ENTRY--CORPORATE NAME
Corporate name or jurisdiction name as entry element Malaysia.
Title of a work Akta Perwakilan Kuasa, 1956 (Akta 358)
9 (RLIN) 9047
942 ## - ADDED ENTRY ELEMENTS (KOHA)
Source of classification or shelving scheme
Koha item type Book
Holdings
Withdrawn status Lost status Source of classification or shelving scheme Damaged status Not for loan Collection code Home library Current library Shelving location Date acquired Inventory number Total Checkouts Full call number Barcode Checked out Date last seen Date last checked out Price effective from Koha item type
          NON-FICTION AKMAL Melaka AKMAL Melaka PINJAMAN 01.08.2017 307037 7 342.595044 MAL 201707367 18.05.2026 16.04.2026 16.04.2026 01.08.2017 Book
Pusat Sumber Maklumat Dato' Haji Sarmin Md Hussin, Akademi Kastam Diraja Malaysia, Melaka
Tel: 06-2331106 | Faks: 06-2313787